| 000 | 00529nam a22001937a 4500 | ||
|---|---|---|---|
| 003 | MPLRDC | ||
| 005 | 20220104154802.0 | ||
| 008 | 210129b ||||| |||| 00| 0 eng d | ||
| 020 | _a7-5326-1125-6 | ||
| 082 | _a802.322 DDHY 2003 | ||
| 100 | _a李国炎, 莫衡, 单耀海, 吴崇康编著 | ||
| 245 |
_a当代汉语词典 _c |
||
| 250 | _a第一版 | ||
| 260 |
_a中国 _b上海辞书出版社 _c2003 |
||
| 300 | _b精 | ||
| 490 | _a精编正序版 | ||
| 650 | _a字典; 字汇; 辞书 | ||
| 942 |
_cBK _o802.322 DDHY 2003 |
||
| 999 |
_c54160 _d54150 |
||